[Event "AUTO-ADV-872"]
[Site "http://www.queenalice.com/game.php?id=387009"]
[Date "2008.4.13"]
[Round "1"]
[White "yanpom"]
[Black "Trajan"]
[Result "0-1"]
[WhiteElo "1918"]
[BlackElo "1793"]

1. e4 c6 2. Nf3 d5 3. exd5 cxd5 4. d4 Bf5 5. Bd3 Bxd3 6. Qxd3 Nc6 7. O-O Qc7 8.
Re1 e6 9. Nc3 Bd6 10. Nb5 Qe7 11. Nxd6+ Qxd6 12. Ne5 Nf6 13. Nxc6 Qxc6 14. Bg5
Qb6 15. Bxf6 gxf6 16. b3 O-O-O 17. a4 Rde8 18. a5 Qd6 19. Qc3+ Kb8 20. b4 Rhg8
21. g3 e5 22. b5 e4 23. a6 b6 24. Qb3 Rc8 25. Rac1 Rc4 26. c3 f5 27. Ra1 Rgc8
28. Rec1 Qc7 29. Ra3 Rxd4 30. cxd4 Qxc1+ 31. Kg2 Rd8 32. Qb4 f4 33. Rc3 f3+ 34.
Kh3 Qh6+ 35. Kg4 Rg8+ 0-1

[Event "AUTO-ADV-872"]
[Site "http://www.queenalice.com/game.php?id=387010"]
[Date "2008.4.13"]
[Round "1"]
[White "Trajan"]
[Black "mvson33"]
[Result "1-0"]
[WhiteElo "1780"]
[BlackElo "1709"]

1. e4 e5 2. Nf3 d6 3. d4 Nf6 4. Nc3 Be7 5. Bc4 O-O 6. dxe5 dxe5 7. Qxd8 Rxd8 8.
Nxe5 Be6 9. Bxe6 fxe6 10. Bf4 Bb4 11. O-O Bxc3 12. bxc3 Nxe4 13. Rfd1 Nc6 14.
Nxc6 Rxd1+ 15. Rxd1 bxc6 16. Rd3 Rb8 17. f3 Nc5 18. Rd4 Rb2 19. Rc4 Nb7 20. Rxc6
Rxc2 21. Rxc7 1-0

[Event "AUTO-ADV-872"]
[Site "http://www.queenalice.com/game.php?id=387011"]
[Date "2008.4.13"]
[Round "1"]
[White "mvson33"]
[Black "Trajan"]
[Result "0-1"]
[WhiteElo "1731"]
[BlackElo "1803"]

1. d4 Nf6 2. Nf3 d5 3. c4 b6 4. Nc3 e6 5. e3 Bd6 6. Qb3 dxc4 7. Bxc4 O-O 8. O-O
Bb7 9. Qd1 c6 10. b3 Ba6 11. Qc2 Bb7 12. Bd2 a6 13. Bd3 h6 14. Rad1 c5 15. dxc5
Bxf3 16. gxf3 Bxc5 17. Na4 Bd6 18. Bb4 Kh8 19. Bxd6 Qxd6 20. Be4 Nd5 21. Nxb6
Qxb6 22. Bxd5 exd5 23. Rxd5 Qf6 24. Rf5 Qg6+ 25. Kh1 Nc6 26. Rg1 Qe6 27. Qc3 f6
28. Rc5 Ne5 29. Rc7 g6 30. f4 Qd5+ 31. Rg2 Ng4 32. Kg1 Qd1+ 0-1

[Event "Challenge"]
[Site "http://www.queenalice.com/game.php?id=391570"]
[Date "2008.4.22"]
[Round "-"]
[White "ysar"]
[Black "Trajan"]
[Result "1-0"]
[WhiteElo "1853"]
[BlackElo "1802"]

1. e4 c6 2. d4 d5 3. Nc3 dxe4 4. Nxe4 Nf6 5. Ng5 g6 6. Bc4 Nd5 7. N1f3 f6 8. Ne4
Be6 9. Qe2 Qc7 10. O-O Nd7 11. Nxf6+ N7xf6 12. Qxe6 h5 13. Ne5 Ng4 14. Bxd5 cxd5
15. Bf4 Qxc2 16. Qd7# 1-0

[Event "Challenge"]
[Site "http://www.queenalice.com/game.php?id=394007"]
[Date "2008.4.26"]
[Round "-"]
[White "Trajan"]
[Black "SmartPatzer"]
[Result "1-0"]
[WhiteElo "1897"]
[BlackElo "1665"]

1. e4 e6 2. d4 d5 3. Nc3 Nf6 4. exd5 Nxd5 5. Ne4 Be7 6. Qg4 g6 7. Qg3 Nc6 8. c3
O-O 9. Nf3 Re8 10. Qh3 e5 11. Qh6 Bf8 12. Qh4 Qxh4 13. Nxh4 exd4 14. f3 f5 15.
Bc4 fxe4 16. Bxd5+ Be6 17. Bxe4 Bf5 18. O-O Bxe4 19. fxe4 Rxe4 20. Nf3 d3 21.
Bg5 Be7 22. Rad1 Rd8 23. Bxe7 Rxe7 24. Rd2 Ne5 25. Nd4 c5 26. Ne2 c4 27. Nd4 a6
28. b3 b5 29. Rf6 b4 30. Ne6 Rd6 31. Rf8# 1-0

[Event "Challenge"]
[Site "http://www.queenalice.com/game.php?id=394008"]
[Date "2008.4.26"]
[Round "-"]
[White "SmartPatzer"]
[Black "Trajan"]
[Result "1-0"]
[WhiteElo "1853"]
[BlackElo "1897"]

1. e4 c6 2. g3 d5 3. Bg2 dxe4 4. Bxe4 Nf6 5. Bg2 Bf5 6. Nf3 Qd5 7. Nc3 Qe6+ 8.
Qe2 Qxe2+ 9. Kxe2 Bxc2 10. d3 Ng4 11. b3 Bxd3+ 12. Ke1 e6 13. h3 Nf6 14. Ne5 Ba6
15. Be3 Ba3 16. f4 O-O 17. Kf2 Bb2 18. Bc5 Bxc3 19. Bxf8 Bxa1 20. Rxa1 Kxf8 21.
Rd1 Ke7 22. g4 Nbd7 23. g5 Nd5 24. Kf3 Nxe5+ 25. fxe5 Nc3 26. Rd2 Rd8 27. Rc2
Nb5 28. Kf4 Nd4 29. Rd2 c5 30. Be4 g6 31. h4 b6 32. h5 Ne2+ 33. Ke3 Ng3 34. Rxd8
Kxd8 35. hxg6 hxg6 36. a3 Nxe4 37. Kxe4 Kc7 38. b4 cxb4 39. axb4 b5 40. Kd4 Kc6
41. Ke4 Bb7 42. Kd4 Kb6 43. Kc3 Bd5 44. Kd4 1-0

[Event "AUTO-ADV-906"]
[Site "http://www.queenalice.com/game.php?id=401809"]
[Date "2008.5.12"]
[Round "1"]
[White "Rutty"]
[Black "Trajan"]
[Result "1-0"]
[WhiteElo "2010"]
[BlackElo "1888"]

1. e4 c6 2. d4 d5 3. e5 Bf5 4. Bd3 Bxd3 5. Qxd3 e6 6. Nf3 Bb4+ 7. c3 Ba5 8. O-O
h6 9. Nbd2 Nd7 10. b4 Bb6 11. a4 a6 12. Ba3 Ne7 13. c4 a5 14. c5 Bc7 15. b5 b6
16. Nb3 O-O 17. Rfc1 cxb5 18. axb5 a4 19. Nbd2 Re8 20. c6 Nf8 21. Bb4 Neg6 22.
Qc2 Nf4 23. Nf1 N8g6 24. Ng3 f6 25. Rxa4 Rb8 26. Kh1 Rc8 27. Ra7 fxe5 28. Nxe5
Nh4 29. Rg1 Qf6 30. Rb7 Bxe5 31. dxe5 Qxe5 32. Rxb6 Qd4 33. Bc5 Qd3 34. Qxd3
Nxd3 35. Be3 e5 36. Rd1 e4 37. Rb7 Rf8 38. Kg1 g6 39. Bd4 Rfe8 40. Rg7+ Kf8 41.
Rh7 h5 42. Bf6 Rb8 43. c7 Rxb5 44. Bxh4 Rb2 45. Rh8+ 1-0

[Event "AUTO-ADV-906"]
[Site "http://www.queenalice.com/game.php?id=401810"]
[Date "2008.5.12"]
[Round "1"]
[White "Trajan"]
[Black "Rutty"]
[Result "1-0"]
[WhiteElo "1864"]
[BlackElo "2072"]

1. e4 c5 2. Nf3 Nc6 3. d4 cxd4 4. Nxd4 e5 5. Nb5 a6 6. Nd6+ Bxd6 7. Qxd6 Qe7 8.
Qc7 Nf6 9. Nc3 O-O 10. Bd3 d5 11. Qxe7 Nxe7 12. exd5 Nexd5 13. Bg5 b5 14. Nxd5
Nxd5 15. Be4 Be6 16. Rd1 f6 17. Bxd5 Bxd5 18. Rxd5 fxg5 19. O-O Rf5 20. Re1 Raf8
21. f3 Re8 22. g4 Rxf3 23. Rdxe5 Rxe5 24. Rxe5 h6 25. Re8+ Kf7 26. Ra8 Rf6 27.
Rc8 Rf4 28. h3 Ra4 29. a3 b4 30. Rc4 a5 31. c3 Ke6 32. cxb4 Kd5 33. Rc5+ Kd4 34.
Rxa5 1-0

[Event "AUTO-ADV-906"]
[Site "http://www.queenalice.com/game.php?id=401835"]
[Date "2008.5.12"]
[Round "1"]
[White "Artking"]
[Black "Trajan"]
[Result "1/2-1/2"]
[WhiteElo "1910"]
[BlackElo "1800"]

1. e4 c6 2. d4 d5 3. Nc3 dxe4 4. Nxe4 Nf6 5. Nf3 Nxe4 6. Bc4 e6 7. O-O Be7 8.
Qd3 Nd6 9. Bb3 b6 10. c4 O-O 11. Bc2 f5 12. Bf4 Ba6 13. b3 Nd7 14. Rad1 Ne4 15.
Ne5 Nxe5 16. Bxe5 Bf6 17. Qf3 Bxe5 18. dxe5 Qc7 19. Bxe4 fxe4 20. Qxe4 Rad8 21.
Qg4 Rxd1 22. Qxe6+ Qf7 23. Qxf7+ Rxf7 24. Rxd1 h6 25. e6 Re7 26. Rd8+ Kh7 27.
Rd6 c5 28. f4 Kg6 29. g4 Bc8 30. h4 Kf6 31. f5 h5 32. Rd8 Bxe6 33. fxe6 hxg4 34.
Rf8+ Kxe6 35. Rf4 g6 36. Kf2 Rf7 37. Rxf7 Kxf7 38. Kg3 Kg7 39. Kxg4 Kh6 40. a3
a6 41. b4 Kg7 42. Kg5 Kf7 43. bxc5 bxc5 44. Kg4 1/2-1/2

[Event "AUTO-ADV-906"]
[Site "http://www.queenalice.com/game.php?id=401836"]
[Date "2008.5.12"]
[Round "1"]
[White "Trajan"]
[Black "Artking"]
[Result "1-0"]
[WhiteElo "1804"]
[BlackElo "1895"]

1. e4 c5 2. Nf3 a6 3. c3 d5 4. exd5 Qxd5 5. d4 Nf6 6. Be2 Bf5 7. O-O e6 8. Bf4
Nc6 9. Re1 h6 10. b3 g5 11. Bc7 Rc8 12. Bb6 Ne4 13. Bc4 Qd7 14. d5 exd5 15. Bxd5
Bg7 16. Bxe4 Qxd1 17. Bxf5+ Qxe1+ 18. Nxe1 O-O 19. Bxc8 Rxc8 20. h3 Nb4 21. Na3
Bxc3 22. Rd1 Nxa2 23. Kf1 Rc6 24. Nc4 Re6 25. Bxc5 Bxe1 26. Rxe1 Rxe1+ 27. Kxe1
Nc1 28. b4 Nd3+ 29. Ke2 Nf4+ 30. Kf3 Ne6 31. Be3 b5 32. Nd6 Kf8 33. g4 Kg7 34.
Ke4 Kf6 35. Kf3 Nd8 36. Ne4+ Ke5 37. Nc5 Nc6 38. Nxa6 Kd5 39. Bd2 Nd4+ 40. Ke3
f5 41. Bc3 f4+ 42. Kd3 Nf3 43. Nc7+ Kc6 44. Ne6 Ng1 45. Nd4+ Kb6 46. Nf5 Nxh3
47. Bd4+ Kc6 48. f3 h5 49. gxh5 g4 50. fxg4 Ng5 51. h6 Kd5 52. Bf6 Nh7 53. g5
Ke6 54. Nd4+ 1-0

[Event "AUTO-ADV-906"]
[Site "http://www.queenalice.com/game.php?id=440033"]
[Date "2008.7.28"]
[Round "2"]
[White "Rutty"]
[Black "Trajan"]
[Result "1-0"]
[WhiteElo "2135"]
[BlackElo "1904"]

1. e4 c6 2. Nf3 d5 3. e5 Bg4 4. h3 Bh5 5. d4 e6 6. Be2 f6 7. c3 Nd7 8. Bf4 g5 9.
Bg3 Bg7 10. exf6 Ngxf6 11. Nxg5 Bg6 12. Nxe6 Qc8 13. Nc7+ Qxc7 14. Bxc7 1-0

[Event "AUTO-ADV-906"]
[Site "http://www.queenalice.com/game.php?id=440034"]
[Date "2008.7.28"]
[Round "2"]
[White "Trajan"]
[Black "Rutty"]
[Result "0-1"]
[WhiteElo "1879"]
[BlackElo "2071"]

1. e4 e5 2. Nf3 Nc6 3. Bc4 Bc5 4. c3 Nf6 5. d4 exd4 6. cxd4 Bb4+ 7. Nc3 Nxe4 8.
O-O Bxc3 9. bxc3 O-O 10. Qd3 d5 11. Bb3 Bg4 12. Ne5 Nxe5 13. dxe5 Nc5 14. Qxd5
Qxd5 15. Bxd5 c6 16. Bb3 Rfe8 17. f4 a5 18. Bc2 Rad8 19. Be3 Nd7 20. Rab1 b5 0-1